00904nam a2200217 a 450000100060000000300080000600500170001400800410003103500190007204000320009104100080012308200240013110000300015524501980018526000540038330000300043765000430046794200120051099900170052295201470053946937BD-RjUL20211209054231.0160806m19521951enka b 000 0 eng d a(BD-RjUL)47056 aCCLcCCLdOCLdBD-RjULbeng aeng 223a972.9bSTB 1952 aStarck, Aubrey R.914297010aBritish West Indies :bEconomic and commercial conditions in the eastern caribbean (Trinidad and Tobago, Barbadas, Bermuda, British Guiana, the leeward and Windward islands) /cAubrey R. Starck aLondon :bHer Majesty's Stationery Office,c1952, av, 74 p. :bill ;c24 cm. aWest IndiesvHistory.yBritish9142971 2ddccBK c46937d46937 00102ddc40708NFICaRUCLbRUCLcStackd1957-08-08eBritish ind. Serviceg20.10l0o972.9 STB 1952r2016-08-06 00:00:00tC-2w2016-08-06yBK